000 00754nam a22002297a 4500
003 OSt
005 20160920113035.0
008 160323b xxu||||| |||| 00| 0 eng d
020 _a978-1-118-04356-1
040 _cLIC
082 _22013
_aDC 332.644
_bK16
100 _94318
_aKaufman, Perry J.
245 _aTrading systems and methods:
_b+ website/
_cPerry J. Kaufman.
250 _aFifth Edition
260 _aNew Jersey:
_bJohn Wiley & Sons, Inc.,
_cc2013.
300 _axviii, 1212 pages:
_billustrations;
_c26 cm.
365 _b9,871.00
_cPhp
500 _aIncludes bibliographical references and index.
650 0 _94320
_aCommodity exchanges
_xStatistical methods.
650 0 _94321
_aTechnical analysis (investment analysis)
942 _2ddc
_cDC
999 _c1424
_d1424